000 00530nam a2200169 i 4500
001 31265
003 ES-MaACL
005 20230906154340.0
007 t|
008 030128s1960 sp ||||1| spa d
100 1 _aBeaugonin, Philippe.
_926815
245 1 3 _aLa simplificación administrativa /
_cpor Philippe Beaugonin ; traducido por Antonio García Martín.
260 _aBarcelona :
_bSagitario,
_c[1960]
300 _a159 p. ;
_c23 cm.
700 1 _aGarcía Martín, Antonio.
_954898
852 _aES-MaACL
_jC-22703
_bR.51558
999 _c31265
_d31265